Some notes to air pollution in Greece

Práca je venovaná popisu situácie v ochrane kvality ovzdušia v Grécku. Prvá časť sa zaoberá súčasným stavom znečistenia ovzdušia v rôznych častiach krajiny, zvlášť v Aténach. Druhá časť popisuje najdôležitejšie škodliviny a tretia sumarizuje environmentálnu politiku vedúcu k zlepšeniu situácie.

Salvato in:
Dettagli Bibliografici
Autore principale: Markianidou, Paressa
Natura: Capitolo di libro
Lingua:inglese
Soggetti:
Tags: Aggiungi Tag
Nessun Tag, puoi essere il primo ad aggiungerne!!

MARC

LEADER 00000naa$a2200000$$$4500
001 0006606
005 20231004104214.3
041 0 |a eng 
044 |a CZ 
245 1 0 |a Some notes to air pollution in Greece  |c aut. Paressa Markianidou 
520 |a Práca je venovaná popisu situácie v ochrane kvality ovzdušia v Grécku. Prvá časť sa zaoberá súčasným stavom znečistenia ovzdušia v rôznych častiach krajiny, zvlášť v Aténach. Druhá časť popisuje najdôležitejšie škodliviny a tretia sumarizuje environmentálnu politiku vedúcu k zlepšeniu situácie. 
610 2 0 |a znečistenie ovzdušia 
610 2 0 |a Grécko 
610 2 0 |a politika environmentálna 
610 2 0 |a kvalita ovzdušia 
610 2 0 |a ochrana ovzdušia 
610 2 0 |a emisie 
100 1 |a Markianidou, Paressa